| 000 | 01107nam0a22002651 4500 | ||
|---|---|---|---|
| 001 | rc\3964872 | ||
| 005 | 20250611040914.0 | ||
| 021 |
_aRU _b[55-43227] |
||
| 035 | _a(NLR Aleph) 008052404 | ||
| 090 |
_a8950050 _c8950050 |
||
| 100 | _a20130415d1955 |||y0rusy50 ca | ||
| 101 | 0 | _arus | |
| 102 | _aRU | ||
| 105 | _aa z |||a| | ||
| 200 | 1 |
_aКак мы добились высокой яйценоскости кур _e[Рассказ заведующей птицефермы колхоза им. К. Маркса] _f[Лит. обработка Р. Воронок] _gОтд. с.-х. науки Сталинского обл. упр. сельского хозяйства |
|
| 210 |
_aСталино _cОбл. изд-во _d1955 |
||
| 215 |
_a16 с. _cил. _d20 |
||
| 606 |
_aКуры _xУход и содержание _yСталинская область _2psbo |
||
| 700 | 1 |
_aКорниенко _bВ.М. |
|
| 702 | 1 |
_aВоронок _bР.В. _gРувим Вениаминович _4570 |
|
| 801 | 0 |
_aRU _bNLR _gpsbo |
|
| 801 | 1 |
_aRU _bELAR _2rusmarc |
|
| 852 |
_aNLR _jС90 Г-4/3363 |
||
| 942 | _cBOOK | ||
| 980 | _aNB | ||